书目信息 |
| 题名: |
启动大脑
|
|
| 作者: | 巴赞 著 ;卜煜婷 译 | |
| 分册: | ||
| 出版信息: | 北京 化学工业出版社 2015 |
|
| 页数: | 16,206页 | |
| 开本: | 21cm | |
| 丛书名: | ||
| 单 册: | ||
| 中图分类: | B842.5 | |
| 科图分类: | ||
| 主题词: | 思维训练--si wei xun lian--通俗读物 | |
| 电子资源: | ||
| ISBN: | 978-7-122-22258-9 | |
| 000 | 00962nam0 22002891 450 | |
| 001 | 1754481090 | |
| 005 | 20170516112211.0 | |
| 010 | @a978-7-122-22258-9@b精装@dCNY45.80 | |
| 100 | @a20150108d2015 em y0chiy50 ea | |
| 101 | 1 | @achi@ceng |
| 102 | @aCN@b110000 | |
| 105 | @aa z 000yy | |
| 106 | @ar | |
| 200 | 1 | @a启动大脑@9qi dong da nao@f(英)东尼·博赞著@g卜煜婷译 |
| 210 | @a北京@c化学工业出版社@d2015 | |
| 215 | @a16,206页@c图@d21cm | |
| 300 | @a东尼·博赞思维导图系列 全彩精装典藏版 | |
| 305 | @a由Educational Publishers授权出版 | |
| 312 | @a封面英文题名:Use your mind | |
| 330 | @a本书内容包括认识你的大脑、驾驭你的脑力、杰出头脑的基本“思维工具”等三部分。 | |
| 510 | 1 | @aUse your mind@zeng |
| 606 | 0 | @a思维训练@9si wei xun lian@j通俗读物 |
| 690 | @aB842.5@v5 | |
| 701 | 0 | @c(英)@a巴赞@9ba zan@c(Buzan, Tony@f1942~)@4著 |
| 702 | 0 | @a卜煜婷@9bo yu ting@4译 |
| 801 | 0 | @aCN@b百万庄@c20170512 |
| 905 | @b1005276-81@dB842.5@e1712@f6 | |
| 启动大脑/(英)东尼·博赞著/卜煜婷译.-北京:化学工业出版社,2015 |
| 16,206页:图;21cm |
| 东尼·博赞思维导图系列 全彩精装典藏版 |
| ISBN 978-7-122-22258-9(精装):CNY45.80 |
| 本书内容包括认识你的大脑、驾驭你的脑力、杰出头脑的基本“思维工具”等三部分。 |
| ● |
| 相关链接 |
|
|
|
|
正题名:启动大脑
索取号:B842.5/1712
 
预约/预借
| 序号 | 登录号 | 条形码 | 馆藏地/架位号 | 状态 | 备注 |
| 1 | 1005276 | 210052761 | 第一样本阅览室/ [索取号:B842.5/1712] | 在馆 | |
| 2 | 1005277 | 210052770 | 教育系资料室/ [索取号:B842.5/1712] | 在馆 | |
| 3 | 1005278 | 210052789 | 教育系资料室/ [索取号:B842.5/1712] | 在馆 | |
| 4 | 1005279 | 210052798 | 教育系资料室/ [索取号:B842.5/1712] | 在馆 | |
| 5 | 1005280 | 210052805 | 第一借阅区/ [索取号:B842.5/1712] | 在馆 | |
| 6 | 1005281 | 210052814 | 第一借阅区/ [索取号:B842.5/1712] | 在馆 |